Maisie Peters - Tough Act - Statistics

General Stats
  • This quiz has been taken 11 times
  • The average score is 306 of 339
Answer Stats
Answer % Correct
a
100%
act
100%
And
100%
are
100%
bad
100%
better
100%
breakup
100%
but
100%
But
100%
dead
100%
do
100%
end
100%
Everybody
100%
favourite
100%
follow
100%
friend
100%
go
100%
hat
100%
hate,
100%
I
100%
I’d
100%
I’ll
100%
I’m
100%
Is
100%
is
100%
it
100%
It’s
100%
it’s
100%
know
100%
knows
100%
let
100%
me
100%
my
100%
of
100%
on
100%
one
100%
say
100%
should
100%
so
100%
So
100%
someone
100%
something
100%
still
100%
that
100%
the
100%
The
100%
there’s
100%
till
100%
to
100%
Took
100%
tough
100%
up
100%
way
100%
We
100%
we
100%
were
100%
weren’t
100%
when
100%
When
100%
You
100%
you
100%
all
75%
aren’t
75%
at
75%
believe
75%
best
75%
birthday
75%
call
75%
candle
75%
couple
75%
cut
75%
distracted
75%
drain
75%
‘em
75%
everything
75%
forgot
75%
goodbye
75%
grew
75%
handle
75%
hard
75%
hollow
75%
hope
75%
how
75%
I’ve
75%
known
75%
like
75%
long
75%
meet
75%
miss
75%
not
75%
now
75%
Now
75%
part
75%
perfect
75%
reasons
75%
right
75%
rode
75%
root
75%
Saying
75%
see
75%
she’s
75%
stay
75%
thing
75%
though
75%
through
75%
time
75%
trick
75%
tries
75%
true
75%
wanna
75%
wanted
75%
was
75%
who
75%
with
75%
burnt
50%
got
50%
made
50%
mantle
50%
much
50%
Oh,
50%
out
50%
pictures
50%
tomorrow
50%
busy
25%
fix
25%
list
25%
little
25%
lasting
0%
silence
0%
No matching quizzes found
Score Distribution
Percent of People with Each Score
Percentile by Number Answered
Your Score History
You have not taken this quiz